|
|
|
|
| LEADER |
00000cam a22000004a 4500 |
| 001 |
musev2_47754 |
| 003 |
MdBmJHUP |
| 005 |
20230905044950.0 |
| 006 |
m o d |
| 007 |
cr||||||||nn|n |
| 008 |
151026s2016 miu o 00 0 eng d |
| 020 |
|
|
|a 9781609175047
|
| 020 |
|
|
|z 9781628962772
|
| 020 |
|
|
|z 9781628952773
|
| 020 |
|
|
|z 9781611862195
|
| 035 |
|
|
|a (OCoLC)957137279
|
| 040 |
|
|
|a MdBmJHUP
|c MdBmJHUP
|
| 100 |
1 |
|
|a Essien, Kwame,
|e author.
|
| 245 |
1 |
0 |
|a Brazilian-African Diaspora in Ghana :
|b The Tabom, Slavery, Dissonance of Memory, Identity, and Locating Home /
|c Kwame Essien.
|
| 264 |
|
1 |
|a East Lansing :
|b Michigan State University Press,
|c [2016]
|
| 264 |
|
3 |
|a Baltimore, Md. :
|b Project MUSE,
|c 2016
|
| 264 |
|
4 |
|c ©[2016]
|
| 300 |
|
|
|a 1 online resource (402 pages).
|
| 336 |
|
|
|a text
|b txt
|2 rdacontent
|
| 337 |
|
|
|a computer
|b c
|2 rdamedia
|
| 338 |
|
|
|a online resource
|b cr
|2 rdacarrier
|
| 490 |
0 |
|
|a Ruth Simms Hamilton African diaspora series
|
| 505 |
0 |
0 |
|t Reverse diaspora: dissonance of memory, voyages of hope and degrees of return --
|t Historicizing the returnee presence in Gã Mã --
|t The social history of Gã Mã (Accra), colonialism, and their impact on the Brazilian-African diaspora --
|t The evolution of land in Gã Mã and Brazilian-African diaspora: paradox of freedom and the birth of conflicts --
|t Escaping slavery into colonialism and squabbles: how colonial projects and internal disputes threatened Brazilian land/diaspora --
|t Brazilians together, Brazilians apart: the "family trees" and the process of becoming Gã --
|t (Re) creating Brazilian slavery in an enabling environment --
|t Contributions by the Brazilian-Africans and the Tabom --
|t "Fading" diaspora and memory: how the Brazilian government and the Tabom are preserving Brazil House and crisscrossing the Atlantic in full circle --
|t Epilogue: telescoping Lula's unfulfilled promise and implications for the Tabom's visit to Brazil.
|
| 588 |
|
|
|a Description based on print version record.
|
| 650 |
|
7 |
|a Immigrants.
|2 fast
|0 (OCoLC)fst00967712
|
| 650 |
|
7 |
|a Freed persons.
|2 fast
|0 (OCoLC)fst00933987
|
| 650 |
|
7 |
|a Emigration and immigration.
|2 fast
|0 (OCoLC)fst00908690
|
| 650 |
|
7 |
|a Colonial influence.
|2 fast
|0 (OCoLC)fst01352432
|
| 650 |
|
7 |
|a Children of immigrants.
|2 fast
|0 (OCoLC)fst00855365
|
| 650 |
|
7 |
|a HISTORY
|z Africa
|x West.
|2 bisacsh
|
| 650 |
|
6 |
|a Enfants d'immigrants
|z Ghāna
|x Histoire.
|
| 650 |
|
6 |
|a Africains
|z Bresil
|x Émigration et immigration
|x Histoire.
|
| 650 |
|
6 |
|a Affranchis
|z Ghāna
|x Histoire.
|
| 650 |
|
0 |
|a Children of immigrants
|z Ghana
|x History.
|
| 650 |
|
0 |
|a Africans
|z Brazil
|x Emigration and immigration
|x History.
|
| 650 |
|
0 |
|a Immigrants
|z Ghana
|x History.
|
| 650 |
|
0 |
|a Freed persons
|z Ghana
|x History.
|
| 651 |
|
7 |
|a Ghana.
|2 fast
|0 (OCoLC)fst01208741
|
| 651 |
|
7 |
|a Brazil.
|2 fast
|0 (OCoLC)fst01206830
|
| 651 |
|
0 |
|a Ghana
|x Colonial influence.
|
| 651 |
|
0 |
|a Ghana
|x Emigration and immigration
|x History.
|
| 655 |
|
7 |
|a History.
|2 fast
|0 (OCoLC)fst01411628
|
| 655 |
|
7 |
|a Electronic books.
|2 local
|
| 710 |
2 |
|
|a Project Muse.
|e distributor
|
| 830 |
|
0 |
|a Book collections on Project MUSE.
|
| 856 |
4 |
0 |
|z Texto completo
|u https://projectmuse.uam.elogim.com/book/47754/
|
| 945 |
|
|
|a Project MUSE - Custom Collection
|
| 945 |
|
|
|a Project MUSE - 2016 Archaeology and Anthropology
|
| 945 |
|
|
|a Project MUSE - 2016 Complete
|
| 945 |
|
|
|a Project MUSE - 2016 African Studies
|